| Tag |
First Indicator |
Second Indicator |
Subfields |
| LEADER |
00000cam a2200000 4500 |
| 001 |
in00000059743 |
| 005 |
20151008050521.0 |
| 008 |
721012s1961 nyu b 00000 eng u |
| 010 |
|
|
|a 61008071
|
| 035 |
|
|
|a (OCoLC)00427180
|
| 035 |
|
|
|9 AAG1529AM
|
| 040 |
|
|
|c WSU
|d OCL
|d TXA
|d UtOrBLW
|
| 049 |
|
|
|a TXAM
|c [336977]
|
| 050 |
|
0 |
|a E448
|b .S78
|
| 090 |
|
|
|a E448
|b .S78 1961
|
| 092 |
|
|
|a 326.4
|b S798a
|
| 100 |
1 |
|
|a Staudenraus, P. J.
|
| 245 |
1 |
4 |
|a The African colonization movement, 1816-1865.
|
| 264 |
|
1 |
|a New York :
|b Columbia University Press,
|c 1961.
|
| 300 |
|
|
|a 323 pages
|
| 336 |
|
|
|a text
|b txt
|2 rdacontent
|
| 337 |
|
|
|a unmediated
|b n
|2 rdamedia
|
| 338 |
|
|
|a volume
|b nc
|2 rdacarrier
|
| 504 |
|
|
|a Bibliographical references included in "Notes" (pages [252]-304) "Bibliographical essay": pages [305]-310.
|
| 610 |
2 |
0 |
|a American Colonization Society.
|
| 650 |
|
0 |
|a African Americans
|x Colonization
|z Africa.
|
| 999 |
|
|
|a MARS
|
| 999 |
f |
f |
|s 6898844b-c11f-3317-a672-0be43325c6b7
|i a444fa67-056c-3249-a6c8-7bf9a174b236
|t 0
|
| 952 |
f |
f |
|p normal
|a Texas A&M University
|b College Station
|c Sterling C. Evans Library
|d Evans: Library Stacks
|t 0
|e E448 .S78 1961
|h Library of Congress classification
|i unmediated -- volume
|m A14800672731
|
| 998 |
f |
f |
|a E448 .S78 1961
|t 0
|l Evans: Library Stacks
|